000
00254nam a2200109 4500
001
1973
090
_a
1973
100
_a
20190723b u||y0fre||u0ba y50
200
_a
Points de vue
_b
Périodique
210
_a
La Chaux de Fonds
801
_a
CH
_b
CH-002049-8
955
_r
1957: 1, 2; 1958: 3